| 000 | 01413nam a2200289 4500 | ||
|---|---|---|---|
| 003 | CO-CtgCURN | ||
| 005 | 20250329165428.0 | ||
| 008 | 160531s2006 000 0 eng d | ||
| 040 |
_aCO-CtgCURN _bspa _ccoctgcurn |
||
| 082 | 0 |
_aENF 2006 _bC331 |
|
| 100 | 1 | _aCarvajalino Lemos, Nadia Katy. | |
| 245 | 1 | 0 |
_aEvaluación del estado de salud desde el punto de vista nutricional, en ancianos de estrato socioeconomicos 1 y 2 del barrio Zaragocilla en Cartagena - 2006 / _cNadia Katy Carvajalino Lemos ; asesor, Andres Bedoya Ossa. |
| 260 |
_aCartagena de Indias : _bCorporación Universitaria Rafael Núñez, _c2006. |
||
| 300 |
_a239 h. + _eAnexos. |
||
| 336 | _2rdacontent | ||
| 337 |
_2rdamedia _asin mediacion _bn |
||
| 338 |
_2rdacarrier _avolumen _bnc |
||
| 500 | _aIncluye anexos. | ||
| 502 | _aTrabajo de grado (Enfermera (o)). Corporacion Universitaria Rafael Nuñez. Facultad de Ciencias de la Salud. Programa de Enfermeria, 2006. | ||
| 504 | _aIncluye bibliografia. | ||
| 590 | _aEnfemeria | ||
| 650 | 0 |
_aEnfermeria _vTesis y disertaciones academicas. |
|
| 700 | 1 |
_aBedoya Ossa, Andres, _easesor. |
|
| 856 | 7 |
_uhttps://unicurn.sharepoint.com/:b:/s/biblioteca/EeTJ8qM2medKruQYvOgXDccBpAu3gcnPo1Iq8EkHT3zaXg?e=RqEIBJ _zClick aqui para ver el recurso en texto completo |
|
| 942 |
_hENF 2006 _iC331 _2ddc _cTG |
||
| 999 |
_c3695 _d3695 |
||